Bíblia - Statistics

Estatísticas Gerais
  • Esse quiz foi jogado 337 vezes
  • A pontuação média é 38 de 66
Estatísticas das Respostas
Número Livro % Correto
1 Gênesis
96%
18
91%
40 Mateus
90%
66 Apocalipse
89%
2 Êxodo
86%
43 João
85%
42 Lucas
84%
19 Salmos
80%
3 Levítico
78%
41 Marcos
78%
5 Deuteronômio
74%
4 Números
74%
8 Rute
71%
65 Judas
69%
20 Provérbios
68%
44 Atos dos Apóstolos
67%
6 Josué
65%
63 II João
64%
62 I João
64%
17 Ester
63%
45 Romanos
63%
7 Juízes
61%
12 II Reis
60%
10 II Samuel
60%
11 I Reis
60%
9 I Samuel
60%
46 I Coríntios
59%
47 II Coríntios
59%
64 III João
59%
24 Jeremias
59%
27 Daniel
58%
60 I Pedro
57%
59 Tiago
57%
61 II Pedro
56%
23 Isaías
55%
22 Cântico dos Cânticos
54%
58 Hebreus
54%
39 Malaquias
53%
15 Esdras
52%
13 I Crônicas
52%
14 II Crônicas
52%
16 Neemias
52%
50 Filipenses
51%
21 Eclesiastes
50%
49 Efésios
50%
35 Habacuque
50%
48 Gálatas
49%
25 Lamentações
49%
52 I Tessalonicenses
48%
53 II Tessalonicenses
47%
51 Colossenses
46%
26 Ezequiel
46%
32 Jonas
46%
55 II Timóteo
45%
54 I Timóteo
45%
56 Tito
43%
38 Zacarias
43%
30 Amós
42%
31 Obadias
40%
28 Oseias
40%
33 Miqueias
38%
29 Joel
37%
36 Sofonias
36%
57 Filemom
35%
37 Ageu
34%
34 Naum
34%
Nenhum quiz correspondente encontrado
Distribuição das Pontuações
Porcentagem de Pessoas com Cada Pontuação
Percentil de Números Respondidos
Sua Pontuação Histórica
Você não jogou esse quiz